Detalles MARC
| 000 -CABECERA |
| Longitud fija campo de control |
01577nam a2200409 c 4500 |
| 001 - NÚMERO DE CONTROL |
| Número de control |
22292 |
| 003 - IDENTIFICADOR DE NÚMERO DE CONTROL |
| Identificador del número de control |
ES-MaCES |
| 005 - FECHA Y HORA DE LA ÚLTIMA TRANSACCIÓN |
| Fecha y hora de la última transacción |
20180131142519.0 |
| 008 - CAMPO FIJO DE DESCRIPCIÓN FIJA--INFORMACIÓN GENERAL |
| Códigos de información de longitud fija |
090727s2010 sz i100 | spa d |
| 020 ## - ISBN (INTERNATIONAL STANDARD BOOK NUMBER) |
| Número Internacional Normalizado para Libros (ISBN) |
9789223218850 (v. 1) |
| 020 ## - ISBN (INTERNATIONAL STANDARD BOOK NUMBER) |
| Número Internacional Normalizado para Libros (ISBN) |
9789223218867 (v. 1, web pdf) |
| 020 ## - ISBN (INTERNATIONAL STANDARD BOOK NUMBER) |
| Número Internacional Normalizado para Libros (ISBN) |
9789223218874 (v. 2) |
| 020 ## - ISBN (INTERNATIONAL STANDARD BOOK NUMBER) |
| Número Internacional Normalizado para Libros (ISBN) |
9789223218881 (v. 2, web pdf) |
| 035 ## - NÚMERO DE CONTROL DEL SISTEMA |
| Número de control del sistema |
CES20090007737m |
| 040 ## - FUENTE DE CATALOGACIÓN |
| Centro catalogador de origen |
ES-MaCES |
| Lengua de catalogación |
spa |
| Centro transcriptor |
ES-MaCES |
| 111 2# - ENCABEZAMIENTO PRINCIPAL--NOMBRE DE REUNIÓN |
| Nombre de congreso o jurisdicción como elemento de entrada |
Conferencia Internacional del Trabajo |
| Unidad subordinada |
Reunión |
| Número del congreso o número de parte o sección de la obra |
99ª |
| Fecha del congreso |
2010 |
| Sede del congreso |
Ginebra |
| 9 (RLIN) |
1093 |
| 245 10 - MENCIÓN DE TÍTULO |
| Título |
Trabajo decente para los trabajadores domésticos |
| Resto del título |
: cuarto punto del orden del día : informe IV |
| Mención de responsabilidad, etc. |
Conferencia Internacional del Trabajo, 99ª Reunión 2010 |
| 250 ## - MENCIÓN DE EDICIÓN |
| Mención de edición |
1ª ed |
| 260 ## - PUBLICACIÓN, DISTRIBUCIÓN, ETC (PIE DE IMPRENTA) |
| Lugar de publicación, distribución, etc. |
Ginebra |
| Nombre del editor, distribuidor, etc. |
Oficina Internacional del Trabajo |
| Fecha de publicación, distribución, etc. |
2009-2010 |
| 300 ## - DESCRIPCIÓN FÍSICA |
| Extensión |
2 v. (VII, 152 p. ; X, 450 p.) |
| Dimensiones |
30 cm |
| 505 0# - NOTA DE CONTENIDO FORMATEADA |
| Nota de contenido con formato |
Informe IV (1) -- Informe IV (2) |
| 541 ## - NOTA DE LA FUENTE INMEDIANTE DE ADQUISICIÓN |
| Forma de adquisición |
Suscripción conjunta |
| 650 #4 - ASIENTO SECUNDARIO DE MATERIA--TÉRMINO DE MATERIA |
| Término de materia o nombre geográfico como elemento inicial |
trabajador doméstico |
| 9 (RLIN) |
28431 |
| 650 #4 - ASIENTO SECUNDARIO DE MATERIA--TÉRMINO DE MATERIA |
| Término de materia o nombre geográfico como elemento inicial |
derechos de los trabajadores |
| 9 (RLIN) |
29924 |
| 650 #4 - ASIENTO SECUNDARIO DE MATERIA--TÉRMINO DE MATERIA |
| Término de materia o nombre geográfico como elemento inicial |
condiciones de empleo |
| 9 (RLIN) |
30040 |
| 650 #4 - ASIENTO SECUNDARIO DE MATERIA--TÉRMINO DE MATERIA |
| Término de materia o nombre geográfico como elemento inicial |
condiciones de trabajo |
| 9 (RLIN) |
28327 |
| 650 #4 - ASIENTO SECUNDARIO DE MATERIA--TÉRMINO DE MATERIA |
| Término de materia o nombre geográfico como elemento inicial |
protección social |
| 9 (RLIN) |
29076 |
| 650 #4 - ASIENTO SECUNDARIO DE MATERIA--TÉRMINO DE MATERIA |
| Término de materia o nombre geográfico como elemento inicial |
seguridad social |
| 9 (RLIN) |
27034 |
| 650 #4 - ASIENTO SECUNDARIO DE MATERIA--TÉRMINO DE MATERIA |
| Término de materia o nombre geográfico como elemento inicial |
norma internacional del trabajo |
| 9 (RLIN) |
30609 |
| 650 #4 - ASIENTO SECUNDARIO DE MATERIA--TÉRMINO DE MATERIA |
| Término de materia o nombre geográfico como elemento inicial |
actividad normativa de la OIT |
| 9 (RLIN) |
30712 |
| 653 10 - TÉRMINO DE INDEXACIÓN--NO CONTROLADO |
| Término no controlado |
Empleo |
| 787 0# - ENTRADA DE OTRAS ESPECIFICACIONES |
| Título |
Trabajo decente para los trabajadores domésticos |
| Número de control del registro relacionado |
(ES-MaCES)23628 |
| 710 2# - ENCABEZAMIENTO SECUNDARIO--NOMBRE CORPORATIVO |
| 9 (RLIN) |
4718 |
| Nombre de entidad o nombre de jurisdicción como elemento inicial |
Organización Internacional del Trabajo |
| Término indicativo de función |
ed. |
| 902 ## - CES. TIPO DE DOCUMENTO |
| Tipodoc (006$c Sirtex) |
LIB Libro |
| 942 ## - ELEMENTOS KOHA |
| Fuente de clasificaión o esquema |
Clasificación propia del CES |
| Koha [por defecto] tipo de item |
Monografías |
| Parte de clasificación |
2.1. |